Städte in Nordrhein-Westfalen - Bilderquiz - Statistiken

Allgemein
  • Dieses Quiz wurde 52 mal gespielt
  • Das Durchschnittsergebnis liegt bei 10 aus 20
Antwortstatistiken
Bildquiz Antwort % Korrekt
Köln
98%
Wuppertal
86%
Dortmund
80%
Münster
72%
Bochum
70%
Düsseldorf
68%
Mönchengladbach
66%
Essen
64%
Bonn
56%
Aachen
52%
Duisburg
44%
Bottrop
38%
Detmold
38%
Bielefeld
30%
Siegen
26%
Hagen
24%
Krefeld
24%
Paderborn
24%
Solingen
18%
Mülheim an der Ruhr
16%
Keine übereinstimmenden Quizze gefunden
Verteilung der Resultate
Anzahl Personen mit jedem Resultat
Perzentil nach korrekt beantworteten Fragen
Ihre Resultats-Entwicklung
Sie haben dieses Quiz noch nicht gespielt